Teacher Esther (Physical Education and Music) : (Record no. 108729)
[ view plain ]
| 000 -LEADER | |
|---|---|
| fixed length control field | 00362nam a2200121 a 4500 |
| 005 - DATE AND TIME OF LATEST TRANSACTION | |
| control field | 20140414093831.0 |
| 008 - FIXED-LENGTH DATA ELEMENTS--GENERAL INFORMATION | |
| fixed length control field | 021220s19uu xx 00 eng d |
| 050 ## - LIBRARY OF CONGRESS CALL NUMBER | |
| Classification number | VHS 700 |
| Item number | R 10 |
| 245 ## - TITLE STATEMENT | |
| Title | Teacher Esther (Physical Education and Music) : |
| Remainder of title | grades 1 & 2 (record). |
| 260 ## - PUBLICATION, DISTRIBUTION, ETC. (IMPRINT) | |
| Name of publisher, distributor, etc | Southville International School and Colleges. |
| 942 ## - ADDED ENTRY ELEMENTS (KOHA) | |
| Koha item type | Audio Visual Materials |
| Withdrawn status | Lost status | Damaged status | Home library | Current library | Shelving location | Date acquired | Source of acquisition | Total Checkouts | Full call number | Barcode | Date last seen | Price effective from | Koha item type |
|---|---|---|---|---|---|---|---|---|---|---|---|---|---|
| Luxembourg Library | Luxembourg Library | Audio Visual Material Section | 06/21/2004 | VHS 700 R 10 | SD0698 | 04/14/2014 | 04/14/2014 | Audio Visual Materials |